| 000 | 00604nam a22001817a 4500 | ||
|---|---|---|---|
| 008 | 161207b xxu||||| |||| 00| 0 eng d | ||
| 022 | _a1750-0184 | ||
| 050 |
_aPL 8000 _b.A4 |
||
| 090 | _a225262869 | ||
| 245 | _aAfrica: Journal of the International African Institute | ||
| 250 |
_aeJournal/eMagazine: _bEnglish |
||
| 260 |
_a[London]: _bEdinburgh Univ. Press JSTOR, _c[Not Identified]. |
||
| 300 |
_a37-54 p. _bmaps _c24 cm. |
||
| 500 | _aGesehen am 16.01.06 | ||
| 650 |
_2Gesellschaft. _aKultur. _vAfrika. |
||
| 710 | _aInternational Institute of African Languages and Cultures | ||
| 942 |
_2lcc _cBK |
||
| 999 |
_c10815 _d10815 |
||